Clubs of German 2. Bundesliga 2023/2024 - Statistics

General Stats
  • This quiz has been taken 152 times
  • The average score is 14 of 18
Answer Stats
Answer % Correct
Hamburger SV
100%
FC Schalke 04
97%
1. FC Nürnberg
92%
Hertha BSC Berlin
91%
Fortuna Düsseldorf
87%
Hannover 96
86%
Holstein Kiel
85%
1. FC Kaiserslautern
84%
1. FC St. Pauli
84%
Hansa Rostock
80%
Greuther Fürth
77%
Karlsruher SC
75%
Eintracht Braunschweig
74%
SC Paderborn 07
72%
VfL Osnabrück
68%
SV Elversberg
66%
1. FC Magdeburg
63%
SV Wehen Wiesbaden
62%
No matching quizzes found
Score Distribution
Percent of People with Each Score
Percentile by Number Answered
Your Score History
You have not taken this quiz